| 000 | 00724nam a2200169Ia 4500 | ||
|---|---|---|---|
| 003 | GCL | ||
| 008 | 140319s9999 xx 000 0 ara d | ||
| 040 |
_aGCL / _cGCL |
||
| 082 | 0 | 4 |
_a327.114 _bف م |
| 100 | 1 | _aفريد زكريا | |
| 245 | 1 | 0 |
_aمن الثروة الى القوة : _bالجذور الفريدة لدور امريكا العالمى / _cفريد زكريا |
| 260 |
_aالقاهرة : _bمركز الاهرام للترجمة والنشر ، _c1999 |
||
| 300 |
_a239ص ؛ _c24 سم |
||
| 650 | 0 | 4 | _aالولايات المتحدة الامريكية - العلاقات الخارجية |
| 650 | 0 | 4 | _aالولايات المتحدة الامريكية - الاحوال السياسية |
| 942 |
_2ddc _cBK |
||
| 999 |
_c56867 _d56867 |
||